000 00381nam a2200133Ia 4500
008 231129s1996||||xx |||||||||||||| ||spa||
020 _a958-9085-65-2 (Obr
040 _bspa
082 _aR 612.603 E56e
245 0 _aEnciclopedia del sexo y de la educación sexual
260 _c1996
264 _a[Bogotá] Colombia : Zamora
942 _2ddc
_cBKS
999 _c12977
_d12977